000 00491pab a2200169 454500
008 180718b2012 xxu||||| |||| 00| 0 eng d
100 _aSarkar, R.M.
245 _aEnvironment consciousness of Rabindranath Tagore and the need for its meaningful dissemination to the present generation
260 _c2012
300 _ap.373-385.
362 _aJul-Dec
650 _aTagore, Rabindranath
650 _aEnvironmental awareness
773 _aMan in India
908 _aN
909 _a98103
999 _c98102
_d98102